Central Library OPAC University of Rajshahi

solar drying systems : (Record no. 15737)

MARC details
000 -LEADER
fixed length control field 00657nam a22002297a 4500
001 - CONTROL NUMBER
control field 15737
003 - CONTROL NUMBER IDENTIFIER
rucl marc code BD-RjUL
005 - DATE AND TIME OF LATEST TRANSACTION
control field 20211208235857.0
008 - FIXED-LENGTH DATA ELEMENTS--GENERAL INFORMATION
fixed length control field 140210s1998 bd a|||| |||| 001 0 eng d
020 ## - INTERNATIONAL STANDARD BOOK NUMBER
International Standard Book Number 8185680280
035 ## - SYSTEM CONTROL NUMBER
System control number (BD-RjUL)15792
040 ## - CATALOGING SOURCE
Original cataloging agency BD-RjUL
Language of cataloging eng
Transcribing agency BD-RjUL
Modifying agency BD-RjUL
041 ## - LANGUAGE CODE
Language code of text/sound track or separate title eng
082 ## - DEWEY DECIMAL CLASSIFICATION NUMBER
Classification number 629.2295
Author mark and year BAS 1998
100 ## - MAIN ENTRY--PERSONAL NAME
Personal name Bala, B. K.
9 (RLIN) 48826
245 ## - TITLE STATEMENT
Title solar drying systems :
Remainder of title simulations and optimization /
260 ## - PUBLICATION, DISTRIBUTION, ETC. (IMPRINT)
Place of publication, distribution, etc. dhaka :
Name of publisher, distributor, etc. Agrotech publishing academy,
Date of publication, distribution, etc. c1998.
300 ## - PHYSICAL DESCRIPTION
Pagination 320p. :
Illustrations illus. ;
Size 22 cm.
500 ## - GENERAL NOTE
General note includes index.
650 ## - SUBJECT ADDED ENTRY--TOPICAL TERM
Topical term or geographic name as entry element solar engery in agiculture
9 (RLIN) 48827
942 ## - ADDED ENTRY ELEMENTS (KOHA)
Source of classification or shelving scheme Dewey Decimal Classification
Koha item type Books
Holdings
Lost status Source of classification or shelving scheme Damaged status Not for loan Collection code Permanent Location Current Location Shelving location Date acquired Source of acquisition Cost, normal purchase price Total Checkouts Full call number Date last seen Copy number Koha item type
  Dewey Decimal Classification   Not For Loan Non-fiction Central Library, University of Rajshahi Central Library, University of Rajshahi Reading Room 26/02/2008 paragon enterprises 780.00   629.2295 BAS 1998 10/02/2014 C-2 Books
  Dewey Decimal Classification   Not For Loan Non-fiction Central Library, University of Rajshahi Central Library, University of Rajshahi Reading Room 26/02/2008 Paragon enterprise, Dhaka 780.00   629.2295 BAS 1998 18/03/2017 C-1 Books